|
|
|
|
| LEADER |
00677nab a2200181 i 4500 |
| 001 |
misc8348 |
| 005 |
20191106143920.0 |
| 008 |
170607s1907 hu o 0|| hun d |
| 022 |
|
|
|a 0025-0260
|
| 040 |
|
|
|a SZTE Miscellanea Repozitórium
|b hun
|
| 041 |
|
|
|a hun
|
| 100 |
1 |
|
|a Nagy József
|
| 245 |
1 |
0 |
|a Revue Pédagogique
|h [elektronikus dokumentum] :
|b L . kötet : 1907 : 1-5 . szám /
|c Nagy József
|
| 260 |
|
|
|c 1907
|
| 300 |
|
|
|a 569-572
|
| 490 |
0 |
|
|a Magyar pedagógia : a Magyar Tudományos Akadémia Pedagógiai Bizottságának folyóirata
|v 16
|
| 695 |
|
|
|a Pedagógia francia 1907, Lapszemle
|
| 856 |
4 |
0 |
|u http://misc.bibl.u-szeged.hu/8348/1/mp_1907_1245_569-572.pdf
|z Dokumentum-elérés
|